000 00731nam a22002537a 4500
003 UA-OsUOA
001 26303
007 ta
008 20040526b un ||||| |||| 00| 0 ukr d
100 _aПрохоров Ю.В.
090 _a519.21
_bП84
942 _cBK
040 _aUA-OsUOA
_brus
_cUA-OsUOA
_dUA-OsUOA
245 _aТеория аероятностей
_bОсновные понятия, предельные теоремы, случайные процессы
300 _a496 с.
955 _a0
041 _arus
080 _a519.21
260 _aМосква
_bНаука
_c1973
044 _aRU
250 _nИздание второе, переработанное
650 7 _2UDC
999 _c312623
_d312623